Exención predial por conservación : (Registro nro. 19022)
[ vista simple ]
| 000 -CABECERA | |
|---|---|
| Campo de control | 01120nam a2200241 a 4500 |
| 005 - FECHA Y HORA DE LA ULTIMA TRANSACCION | |
| Campo de control | 20160913144532.0 |
| 008 - ELEMENTOS DE LONGITUD FIJA—INFORMACION GENERAL | |
| Campo de control | 160913b2014 ck ao|||r|||| 00| 0 spa d |
| 020 ## - ISBN | |
| ISBN | 9789588353920 |
| 040 ## - FUENTE DE CATALOGACIÓN | |
| Agencia catalogadora original | CO-BoIAVH |
| Agencia transcriptora | CO-BoIAVH |
| 041 0# - IDIOMA | |
| Código de idioma para texto/pista de sonido o título separado | Español |
| 044 ## - PAÍS DE PUBLICACIÓN | |
| País de publicación | Colombia |
| 082 04 - NUMERO DE CLASIFICACION DECIMAL DEWEY | |
| Número de clasificación | 331.2164 |
| Número del ítem | E96p |
| 245 00 - MENCION DE TITULO | |
| Título | Exención predial por conservación : |
| Parte restante del título | guía metodológica para su aplicación en municipios / |
| Mención de responsabilidad | editado por Jairo Alonso Rodríguez, Eugenia Ponce de León y Verónica Robledo |
| 260 ## - PUBLICACION, DISTRIBUCION, ETC. (PIE DE IMPRENTA) | |
| Lugar de publicación, distribución, etc. | Bogotá?, Colombia : |
| Nombre del editor, distribuidor, etc. | Resnatur : |
| -- | Fundación Natura : |
| -- | WWF : |
| -- | The Nature Conservancy : |
| -- | Parques Nacionales Naturales, |
| Fecha de publicación, distribución, etc. | 2014. |
| 300 ## - DESCRIPCION FISICA | |
| Extensión | 72 páginas : |
| Otros detalles físicos | ilustraciones a color y mapas ; |
| Dimensiones | 23 x 17 cm. |
| 650 26 - ASIENTO SECUNDARIO DE MATERIA - TERMINO TEMATICO | |
| Término temático o nombre geográfico como elemento de entrada | Conservación de la diversidad biológica |
| Subdivisión general | Incentivos |
| Subdivisión geográfica | Colombia |
| 9 (RLIN) | 76272 |
| 650 26 - ASIENTO SECUNDARIO DE MATERIA - TERMINO TEMATICO | |
| Término temático o nombre geográfico como elemento de entrada | Biodiversidad |
| Subdivisión general | conservación |
| -- | Incentivos |
| Subdivisión geográfica | Colombia |
| 9 (RLIN) | 76273 |
| 650 26 - ASIENTO SECUNDARIO DE MATERIA - TERMINO TEMATICO | |
| Término temático o nombre geográfico como elemento de entrada | Política ambiental |
| Subdivisión general | Impuestos |
| -- | Incentivos |
| Subdivisión geográfica | Colombia |
| 9 (RLIN) | 76274 |
| 700 1# - ASIENTO SECUNDARIO - NOMBRE PERSONAL | |
| Nombre personal | Rodríguez, Jairo Alonso |
| Término de relación | editor |
| 9 (RLIN) | 76270 |
| 700 1# - ASIENTO SECUNDARIO - NOMBRE PERSONAL | |
| Nombre personal | Ponce de León, Eugenia |
| Término de relación | editora |
| 9 (RLIN) | 4218 |
| 700 1# - ASIENTO SECUNDARIO - NOMBRE PERSONAL | |
| Nombre personal | Robledo, Verónica |
| Término de relación | editora |
| 9 (RLIN) | 76271 |
| 942 ## - ELEMENTOS ADICIONALES (KOHA) | |
| Sistema de clasificación | Dewey Decimal Classification |
| Tipo de ítem | Libro |
| Withdrawn status | Lost status | Sistema de Clasificación | Damaged status | No para préstamo | Colección | Inventariado | Ubicación Permanente | Ubicación actual | Fecha de adquisición | Fuente de Valor | Valor | Total Checkouts | Número topográfico | Inventario / Código de Barras | Date last seen | Ejemplar | Price effective from | Forma de adquisición | Tipo de material |
|---|---|---|---|---|---|---|---|---|---|---|---|---|---|---|---|---|---|---|---|
| Dewey Decimal Classification | General | Inventariado 2017 | Bogotá | Bogotá | 13/09/2016 | Instituto | 39000.00 | LB-331.2164 E96p | 040677 | 13/09/2016 | Ej. 1 | 13/09/2016 | Donación | Libro |